000 00401nam a2200157Ia 4500
003 LK-CoDNM
005 20240925114514.0
008 010623t1901 xxu||||| |||| 00| 1 eng d
040 _aLK-CoDNM
_dLK-CoDNM
_eLK-CoDNM
041 _aeng
080 _a22
_bE4
245 _aList Books Printed in Ceylon
260 _bThe Ceylon government Gazette
_c1901
_aColombo
300 _b145p. ; 26 cm
942 _cBK
999 _c85130
_d85130